000 00360nam a22001457a 4500
003 OSt
005 20220218094934.0
008 220218b |||||||| |||| 00| 0 eng d
020 _a9789332548237
040 _cHU
082 _26th
_a658.72
100 _aChopra
_930795
245 _aSupply Chain Management Strategy Planning & Operation
942 _2ddc
_cBOOKS
_n0
999 _c30743
_d30743